01046cam a2200145 i 4500020001500000020001800015040000800033082002600041100002000067245007100087300004000158520067900198650001200877650001100889 a164250453X a9781642504538 cYDX04a580 IND 2021 A006 Or.1 aCandeias, Matt,10aIn defense of plants :ban exploration into the wonder of plants / a279 pages :billustrations ;c19 cm aIn his debut book, internationally recognized blogger and podcaster Matt Candeias explores the curious nature of plants, revealing surprising and humorous things about their ruthless, horny, or simply cunning behavior. Using gardening, propagating houseplants, and other examples around you, In Defense of Plants will open your eyes to their hidden world. You will never see plants a just d©♭cor again! In this easily accessible introduction to the world of plants you'll find: fantastic botanical histories, evolution, and plant symbolism; tales of fascinating botanical discoveries; curious facts on how ecosystems work together, how plants have sex, and more!--COVER 0aPlants. 0aPlants